the last great american dynasty - Taylor Swift (All Lyrics) - Statistics

General Stats
  • This quiz has been taken 5,064 times
  • The average score is 273 of 332
Answer Stats
Answer % Correct
a
99%
A
99%
the
99%
The
99%
I
98%
it
96%
It
96%
on
96%
was
96%
she
94%
She
94%
to
94%
up
94%
Who
94%
American
93%
and
93%
And
93%
by
93%
dynasty
93%
great
93%
last
93%
do
92%
ever
92%
goes
92%
seen
92%
There
92%
town
91%
Her
90%
her
90%
if
90%
They
90%
they
90%
women
90%
been
89%
had
89%
has
89%
this
89%
time
89%
what
89%
could
88%
woman
88%
house
87%
House
87%
knows
87%
have
86%
is
86%
never
86%
everything
85%
his
85%
said
85%
out
84%
Rhode
84%
ruining
84%
showed
84%
marvelous
83%
train
83%
in
82%
men
82%
sunny
82%
with
82%
Holiday
81%
loud
81%
of
81%
money
80%
rode
79%
afternoon
78%
me
78%
dog
77%
green
77%
little
77%
lime
76%
say
76%
gave
75%
Island
75%
key
74%
name
74%
set
74%
dyed
73%
heart
73%
occasion
73%
stole
73%
Free
72%
down
71%
How
71%
so
71%
called
70%
class
70%
fault
70%
middle
70%
wedding
70%
bought
69%
could've
69%
must
69%
new
69%
Rebekah
69%
did
68%
divorcee
68%
doctor
68%
maddest
68%
settle
68%
then
68%
told
68%
were
68%
him
67%
midnight
67%
parties
67%
Saint
67%
Their
67%
their
67%
charming
66%
far
66%
Louis
66%
Oil
66%
feud
65%
heir
65%
neighbor
65%
only
65%
at
64%
home
64%
rocks
64%
city
63%
from
63%
sea
63%
Standard
63%
took
63%
friends
62%
loudest
62%
off
62%
tasteful
62%
that
62%
beach
61%
long
61%
all
60%
bad
60%
boys
60%
forever
60%
mind
60%
staring
60%
There's
60%
years
60%
champagne
59%
most
59%
picked
59%
ballet
58%
Bill
58%
Fifty
58%
habits
58%
big
57%
Bitch
57%
Flew
56%
gauche
56%
Pack
56%
pool
56%
madness
55%
quietly
55%
sat
55%
card
54%
names
54%
coast
53%
game
53%
Pacing
53%
Filled
52%
swam
52%
blew
51%
bets
50%
shameless
50%
saltbox
49%
losing
45%
through
44%
Dali
38%
No matching quizzes found
Score Distribution
Percent of People with Each Score
Percentile by Number Answered
Your Score History
You have not taken this quiz